000 00594nas a2200229 i 4500
001 723
003 ES-MaACL
005 20250217133912.0
007 t|
008 950801d18601975sp q| | 1 ||pa d
022 _a0010-891X
080 _a410
245 0 4 _aThe Cornhill magazine.
260 _aLondon :
_bSmith, Elder and Co,
_c1860-1975.
300 _a14 v. :
_bgrab ;
_c22 cm.
310 _aMensual
362 0 _aV. I (1860)-(1975)
650 1 4 _aRevistas de información general.
_916896
852 _aES-MaACL
_jB-7702-15
866 0 _o1862-64(1865)1866-69.
999 _c723
_d723